00543nam a2200181 a 45000010010000000030011000100080041000210350026000620820012000881000019001002450044001192600047001636500014002109420012002249520090002369980020003269990015003460000-8598ELIB.Books110520 1944  a(ELIB.Books)0000-8744 aR bDav aDavis, John D. aThe Westminster Dictionary of the Bible bPhiladelphia: The Westminster Press c1944 aReference 2ddccBK 00102ddc4070aKBTSbKBTSd2011-05-20l0p7252r2022-01-22 00:00:00w2022-01-22yBK cbate2011-05-20 c8598d8598